书目信息 |
| 题名: |
道德之维
|
|
| 作者: | 万俊人 著 | |
| 分册: | ||
| 出版信息: | 广州 广东人民出版社 2000.07 |
|
| 页数: | 347页 | |
| 开本: | 20cm | |
| 丛书名: | ||
| 单 册: | ||
| 中图分类: | B101 | |
| 科图分类: | ||
| 主题词: | 哲学--世界 | |
| 电子资源: | ||
| ISBN: | 7-218-03399-7 | |
| 000 | 00628nam0 2200205 450 | |
| 001 | 2637961456 | |
| 005 | 20260414103520.91 | |
| 010 | @a7-218-03399-7@dCNY23.00 | |
| 100 | @a20260414d2000 km y0chiy0120 ea | |
| 101 | 0 | @achi |
| 102 | @aCN@b440000 | |
| 200 | 1 | @a道德之维@ADao De Zhi Wei@e现代经济伦理导论@f万俊人著@FWan Jun Ren Zhu |
| 210 | @a广州@c广东人民出版社@d2000.07 | |
| 215 | @a347页@d20cm | |
| 517 | 1 | @a现代经济伦理导论@AXian Dai Jing Ji Lun Li Dao Lun |
| 606 | 0 | @a哲学@x世界 |
| 690 | @aB101@v4 | |
| 701 | 0 | @a万俊人@AWan Jun Ren@4著 |
| 801 | 0 | @aCN@b大连网信软件有限公司图书馆·11@c20260414 |
| 905 | @aZUCC@dB101@e91 | |
| 道德之维:现代经济伦理导论/万俊人著.-广州:广东人民出版社,2000.07 |
| 347页;20cm |
| ISBN 7-218-03399-7:CNY23.00 |
| ● |
| 相关链接 |
|
|
|
|
正题名:道德之维
索取号:B101/91
 
预约/预借
| 序号 | 登录号 | 条形码 | 馆藏地/架位号 | 状态 | 备注 |
| 1 | 1442646 | 214426469 | 第一样本阅览室/ [索取号:B101/91] | 在馆 |